000
00311nam a2200133Ia 4500
008
220216s9999 xx 000 0 und d
100
_a
Francis T
245
0
_a
Pukappurayude adisthaana khadana
260
_b
Rubber
_c
2021
300
_a
15-17
650
_a
Pukappura
700
_a
Mathew Joseph C
942
_c
JS
999
_c
66090
_d
66090